Manažérstvo a manažment kvality vo vzdelávaní
Manažérstvo a manažment systému kvality vo vysokoškolskom vzdelávaní a súvisiace otázky. Manažérstvo a manažment systému kvality z pohľadu súčasnosti. Opatrenia, návrh na skvalitnenie VŠ na Slovensku, komentáre a modifikácie návrhov. Požiadavky 21. storočia.
Salvato in:
| Autore principale: | |
|---|---|
| Altri autori: | |
| Natura: | Capitolo di libro |
| Lingua: | slovacco |
| Soggetti: | |
| Tags: |
Nessun Tag, puoi essere il primo ad aggiungerne!!
|
MARC
| LEADER | 00000naa$a2200000$$$4500 | ||
|---|---|---|---|
| 001 | 0144094 | ||
| 005 | 20240605094153.7 | ||
| 041 | 0 | |a slo | |
| 044 | |a SK | ||
| 245 | 1 | 0 | |a Manažérstvo a manažment kvality vo vzdelávaní |c Michal Pružinský, Peter Varhoľák |
| 520 | |a Manažérstvo a manažment systému kvality vo vysokoškolskom vzdelávaní a súvisiace otázky. Manažérstvo a manažment systému kvality z pohľadu súčasnosti. Opatrenia, návrh na skvalitnenie VŠ na Slovensku, komentáre a modifikácie návrhov. Požiadavky 21. storočia. | ||
| 610 | 2 | 0 | |a vzdelávanie vysokoškolské |
| 610 | 2 | 0 | |a kvalita |
| 610 | 2 | 0 | |a riadenie kvality |
| 100 | 1 | |a Pružinský, Michal, 1952- | |
| 700 | 1 | |a Varhoľák, Peter | |